| 000 | 00367nam a2200133Ia 4500 | ||
|---|---|---|---|
| 008 | 240624s9999 xx 000 0 und d | ||
| 041 | _aeng | ||
| 082 | _a332.042 ARN | ||
| 100 | _aARNER DOUGLAS W | ||
| 245 | _aFINANCIAL STABILITY ECONOMIC GROWTH AND | ||
| 260 |
_c2007 _aNew York _bCambridge University Press |
||
| 300 | _avii, : 344 : p. : cm. ; 23 | ||
| 365 |
_c _b28 |
||
| 999 |
_c22515 _d22515 |
||